[Event "EU-ch 12th"]
[Site "Aix les Bains"]
[Date "2011.03.23"]
[Round "2"]
[White "Zhukova, Natalia"]
[Black "Mikhalevski, Victor"]
[Result "0-1"]
[WhiteElo "2443"]
[BlackElo "2584"]
[Annotator "Avrukh,B/Primel,D"]
[PlyCount "124"]
[EventDate "2011.03.22"]
[EventType "swiss"]
[EventRounds "11"]
[EventCountry "FRA"]
[SourceTitle "CBM 142 Extra"]
[Source "ChessBase"]
[SourceDate "2011.06.27"]
[SourceVersion "1"]
[SourceVersionDate "2011.06.27"]
[SourceQuality "1"]
[TimeControl "40/5400+30:1800+30"]

1. d4 Nf6 2. c4 g6 3. Nc3 d5 4. Nf3 Bg7 5. Qa4+ Bd7 6. Qb3 dxc4 7. Qxc4 O-O 8.
Bf4 Na6 9. e4 c5 10. e5 Nh5 11. Be3 cxd4 12. Qxd4 Bc6 13. Be2 Qa5 14. O-O Rfd8
$6 $146 {This natural move appears to be a serious inaccuracy.} (14... Bxf3 15.
Bxf3 Bxe5 16. Qd5 Qxd5 17. Nxd5 Rfe8 18. Rac1 e6 19. Nc3 Re7 20. a3 Bf4 21.
Bxh5 Bxe3 22. fxe3 gxh5 23. Ne4 Nc7 24. Nf6+ Kh8 25. Nxh5 Ne8 26. Rfd1 Ng7 27.
Ng3 Ne8 28. e4 Nf6 29. Rd4 {Sokolov,I (2695)-Van Wely,L (2654)/Belgium 2003/
CBM 097 ext/1/2-1/2 (37)}) 15. Qh4 Bxe5 16. b4 $1 {The point, obviously the
b4-pawn is untouchable.} Qc7 17. Nxe5 {[%csl Ge2,Ge3]} Qxe5 18. b5 Qxc3 19.
bxc6 Qxc6 20. Bf3 $14 {[%csl Ra6,Rb7,Ge3,Gf3,Rh5]} Qd6 21. Rab1 $36 Rac8 22.
Bxh5 (22. Rxb7 Nf6 23. Rxa7 Nb4 24. Bg5 (24. Bh6)) 22... gxh5 23. Rb5 {
Starting from this point White starts to lose the thread in this well-played
game, meanwhile the simple} (23. Rxb7 $16 {[%csl Ra6,Ra7] 'would leave White
with a clear advantage.'}) 23... f6 {[%cal Gg8f7] Une erreur de saisie de la
FFE et c'est f6 qui a été joué au lieu de h6} (23... h6 24. Rxb7 Rc7 25. Rxa7
Rxa7 26. Bxa7 Qd5 27. Qa4 Kg7 28. Bb6 Ra8 29. Qh4 {La suite de la base de la
FFE}) 24. Rxb7 Rc7 25. Rxa7 Rxa7 26. Bxa7 Qd5 27. Qa4 Nc7 28. Bb6 Ra8 29. Qb3
Qxb3 30. axb3 Nd5 31. Bc5 Ra2 $11 {[%cal Ga2b2,Gg8f7,Gf7e6] Le P passé n'est
pas facile а exploiter et le K Noir sera plus rapidement centralisé que celui
des Blancs.} 32. g3 Rb2 33. Rd1 e6 34. b4 h4 (34... Kf7 35. Rd4 (35. Kg2 Nxb4
36. Rd7+ Kg6) 35... Kg6 36. Kg2 Rb3 (36... Kf5 37. Kf3)) 35. Kg2 Kf7 36. gxh4
$6 {[%cal Gd5f4] La structure Blanche est maintenant en lambeaux et le P"h4"
va tomber а terme} Kg6 37. Rd4 Kf5 $44 38. Rc4 h5 $1 {[%csl Rh4] Fixe la
faiblesse "h4" tout en empéchant le pénétration Rg4} 39. Kf3 Rb1 40. Be3 Nxe3
41. fxe3 Rb3 42. Kf2 Rb1 43. Rc5+ e5 44. Rb5 Rh1 45. Kg3 Rc1 46. Rb8 Rc3 47.
Kf3 Rb3 48. b5 Rc3 49. Rh8 Rc5 50. Rb8 Rc2 51. h3 Rc3 52. Rh8 Rc7 53. Rxh5+ Kg6
54. Rh8 Rb7 55. Rg8+ Kf7 56. Rg1 Rxb5 57. h5 Rb8 58. Rf1 Ke6 59. Kg4 Rb4+ 60.
Kg3 f5 61. Rf3 f4+ 62. Kg4 Rb1 {Et gain au 66ème coup} 0-1

[Event "Sochi"]
[Site "Sochi"]
[Date "1993.??.??"]
[Round "?"]
[White "Tregubov, Pavel V"]
[Black "Shmuter, Leonid"]
[Result "0-1"]
[WhiteElo "2475"]
[BlackElo "2455"]
[Annotator "Belov,I"]
[PlyCount "84"]
[EventDate "1993.09.??"]
[EventType "tourn"]
[EventRounds "13"]
[EventCountry "RUS"]
[EventCategory "10"]
[SourceTitle "CBM 038"]
[Source "ChessBase"]
[SourceDate "1994.02.01"]
[SourceVersion "1"]
[SourceVersionDate "1994.02.01"]
[SourceQuality "1"]

1. Nf3 {Ribli} Nf6 2. c4 g6 3. Nc3 d5 4. cxd5 Nxd5 5. Qb3 Nb6 (5... Nxc3 6.
Qxc3 f6 7. d4 Nc6 8. e3 $14 e5 9. Bb5) 6. d4 Bg7 (6... Be6 7. Qc2 Nc6 8. e4 Nb4
9. Qd1 Bg7 10. a3 Na6 11. d5 Bg4 12. Bb5+ Bd7 13. Be2 O-O 14. Be3 $16 {Gulko,
B-Mikhalchishin,A Frunze 1981/}) 7. Bf4 (7. Bg5 a5 (7... O-O {Ribli} 8. Rd1 Bg4
$6 9. e3 N8d7 10. Be2 $14 {Horvath,Jo-Leko,P/Budapest Exp/CBM37/}) (7... Be6 $5
8. Qc2 Nc6 9. Rd1 h6 $13 {Gausel,E-Hellers,F/Skei/1993/CBM36/}) 8. Rd1 a4 9.
Qc2 O-O 10. e4 Nc6 11. d5 Nb4 12. Qd2 a3 $13 {Ostenstad,B-Donchev,D Debrecen
1992 Inf 56/553/}) (7. e4 Bg4 $6 8. Ng5 O-O 9. h3 Bc8 10. Nf3 Nc6 11. d5 Nb8
12. Be2 c6 13. O-O cxd5 14. exd5 N6d7 15. Be3 Na6 16. Qa3 Nc7 17. Rfd1 $16 {
Barlov,D-Kovacevic,V JUG 1989/}) 7... O-O (7... Bg4 8. Ng5 $1 O-O 9. h3 Bc8 10.
e3 c5 $6 (10... Nc6 $5) 11. dxc5 e5 12. Nxf7 $1 $16 {Speelman,J-Gurevich,I
Hastings 1992 Inf 56/553/}) (7... Be6 8. Qc2 Nc6 9. e3 Nb4 10. Qd1 O-O 11. a3
N4d5 12. Nxd5 Bxd5 13. Rc1 c6 14. Be2 a5 $10 {Kholmov,R-Hort,V Moscow 1975/})
8. Rd1 $146 (8. e4 $6 Bg4 9. Ne5 Bxe5 $1 10. dxe5 Nc6 11. Rc1 Qd4 $15 {Adamski,
J-Jansa,V POL 1971 Inf 11/541/}) (8. e3 a5 9. Be2 a4 10. Qc2 Nc6 11. O-O {
Popov,L-Rodev,N BUL 1973 Inf 16/603/} a3 12. b3 Nb4 $13) (8. e3 $5 {Ribli
Denker,A-Kraidman,Y/Israel/1974/INF18,616/}) 8... a5 (8... Nc6 9. d5 $14) (8...
Be6 9. d5 $14) 9. e3 Bf5 10. Bd3 (10. Be2 $5 a4 11. Qa3 Nc6 $13) 10... Be6 (
10... Bxd3 11. Rxd3 Nc6 12. d5 Nb4 13. Rd2 $13) 11. Qc2 Nc6 12. a3 a4 13. d5 $5
(13. Nd2 Bg4 14. f3 e5 $1 15. dxe5 Be6 16. O-O Nxe5 17. Be2 Qe7 $15) (13. Qe2
$5 {Ribli}) 13... Nxd5 14. Bc4 $6 (14. Be4 $5 Ra5 15. O-O Bxc3 16. bxc3 Qc8 17.
Bh6 Rd8 $13) (14. Nxd5 {Ribli} Qxd5 $1 15. Bxg6 $2 Qa5+ $19) 14... Nxc3 $1 $8
15. Rxd8 Rfxd8 16. Be2 (16. Bxe6 Rd1+ 17. Qxd1 Nxd1 18. Kxd1 (18. Bxf7+ Kxf7
19. Kxd1 Bxb2 $19) 18... fxe6 19. Kc2 Ra5 $17) (16. bxc3 Bxc4 17. Nd4 e5 18.
Nxc6 bxc6 $17) 16... Bf5 17. e4 $6 (17. Qc1 Nxe2 18. Kxe2 Bd3+ 19. Ke1 e5 $17)
17... Bxe4 18. Qc1 Nxe2 19. Kxe2 Bd3+ 20. Ke3 $6 e5 21. Bg5 f6 22. Rd1 Ba6 23.
g4 fxg5 $19 24. Nxg5 Rxd1 25. Qxd1 Rd8 26. Qc1 Rd3+ 27. Ke4 Rd4+ 28. Kf3 Bc4
29. Kg3 Bd5 30. f3 h6 31. Ne4 (31. Nh3 Rd3 32. Ng1 e4) 31... Bxe4 32. fxe4 Rxe4
33. Qc2 Re3+ 34. Kf2 Rf3+ 35. Kg2 Kh7 36. h4 Nd4 37. Qxa4 Rb3 38. h5 Rxb2+ 39.
Kh3 Rb3+ 40. Kg2 Rb2+ 41. Kh3 Rb6 42. Qd7 Re6 0-1

[Event "Aarhus Lux Time Cup"]
[Site "Aarhus"]
[Date "1983.05.07"]
[Round "5"]
[White "Tisdall, Jonathan D"]
[Black "Jansa, Vlastimil"]
[Result "1/2-1/2"]
[WhiteElo "2440"]
[BlackElo "2495"]
[Annotator "Belov,I"]
[PlyCount "69"]
[EventDate "1983.05.02"]
[EventType "tourn"]
[EventRounds "11"]
[EventCountry "DEN"]
[EventCategory "7"]
[SourceTitle "MCL"]
[Source "ChessBase"]
[SourceDate "1999.07.01"]
[SourceVersion "1"]
[SourceVersionDate "1999.07.01"]
[SourceQuality "1"]

1. d4 Nf6 2. c4 g6 3. Nc3 d5 4. cxd5 Nxd5 5. Nf3 Bg7 6. Qb3 Nb6 (6... Nxc3 7.
bxc3 c5 (7... O-O 8. Ba3 $16) 8. e3 O-O 9. Ba3 b6 10. Rd1 Qc7 11. Be2 Nd7 12.
O-O Bb7 13. d5 $1 $16) 7. Bg5 (7. Bf4 O-O 8. Rd1 Nc6 $6 (8... a5 $1 9. e3 Bf5
10. Bd3 Be6 11. Qc2 Nc6 12. a3 a4 $13 {Tregubov,P-Shmuter,L/Sochi/1993/0:1/42/}
) 9. d5 Na5 10. Qb4 Nac4 11. e4 Nxb2 12. Rd2 $1 $16 {Poluljahov,A-Yandemirov,V/
Volgograd/1994/1:0/22/}) 7... h6 (7... Be6 8. Qc2 Nc6 9. Rd1 h6 10. Bf4 g5 11.
Bg3 g4 12. Ne5 Nxe5 13. Bxe5 Bxe5 14. dxe5 Nd7 $13 {Gausel,E-Hellers,F/Gausdal/
1993/}) (7... a5 $5 8. Rd1 a4 9. Qc2 O-O 10. e4 Nc6 11. d5 Nb4 12. Qd2 a3 $13 {
Ostenstad,B-Donchev,D/Debrecen/1991/}) 8. Bh4 Be6 (8... g5 9. Bg3 g4 10. Nd2 $1
Qxd4 11. O-O-O $44) 9. Qc2 Nc6 10. Rd1 (10. e3 Nb4 11. Qd2 Nc4 $1) 10... Nb4
11. Qb1 O-O 12. e3 (12. a3 N4d5 13. Nxd5 Qxd5 14. Bxe7 $6 (14. e3) 14... Rfe8
15. Bb4 Bg4 $1 16. Ne5 c5 $17 {Skembris,S-Mikhalchishin,A/Portoroz/1993/1/2-1/
2/28/}) (12. h3 f5 $1 13. e3 Qe8 {/\Qf7=/+/}) 12... Bf5 13. e4 Bg4 14. d5 (14.
a3 Nc6 15. d5 Bxf3 16. gxf3 Nd4 $15) 14... g5 15. Bg3 f5 $1 16. a3 f4 $8 17.
axb4 fxg3 18. hxg3 Rxf3 $1 (18... Bxf3 $6 19. gxf3 Rxf3 20. Be2 Rf8 21. Bg4 $16
) 19. gxf3 Bxf3 20. Rh2 Bxd1 21. Qxd1 a5 $1 $13 (21... Qd6 22. Qg4) 22. bxa5
Rxa5 23. Bh3 Nc4 (23... Qa8 $6 24. Be6+ Kh8 25. Qh5 $16) 24. Be6+ Kh8 25. Qh5
$1 Qf8 26. Qxg5 Nxb2 27. Ke2 $1 Qf6 (27... Nc4 $5 28. f4 Ra3 29. Qg6 Rxc3 30.
Bf5 Rc2+ 31. Kf3 Rc3+ $10) 28. Qxf6 Bxf6 29. Nb1 (29. Nd1 Nxd1 30. Kxd1 Kg7 $10
) 29... Nc4 30. Rxh6+ Kg7 31. Rh1 Ra2+ 32. Kd3 Ne5+ 33. Ke3 Nc4+ 34. Kd3 Ne5+
35. Ke3 1/2-1/2

[Event "EU-chT (Men) 10th"]
[Site "Debrecen"]
[Date "1992.11.??"]
[Round "1.3"]
[White "Ostenstad, Berge"]
[Black "Donchev, Dimitar I"]
[Result "1/2-1/2"]
[WhiteElo "2455"]
[BlackElo "2520"]
[Annotator "Bulletin"]
[PlyCount "42"]
[EventDate "1992.11.20"]
[EventType "team-swiss"]
[EventRounds "9"]
[EventCountry "HUN"]
[SourceTitle "EU-chT"]
[Source "ChessBase"]
[SourceDate "1999.07.01"]
[SourceVersion "2"]
[SourceVersionDate "1999.07.01"]
[SourceQuality "1"]
[WhiteTeam "Norway"]
[BlackTeam "Bulgaria"]
[WhiteTeamCountry "NOR"]
[BlackTeamCountry "BUL"]

1. Nf3 Nf6 2. c4 g6 3. Nc3 d5 4. cxd5 Nxd5 5. Qb3 Nb6 6. d4 Bg7 7. Bg5 a5 $5 (
7... h6) 8. Rd1 a4 9. Qc2 O-O 10. e4 Nc6 11. d5 Nb4 12. Qd2 a3 13. Nb1 Nxa2 14.
bxa3 Rxa3 15. Bh6 Ra4 16. Bxg7 Kxg7 17. Bd3 Qd6 18. Bc2 Rc4 19. Bd3 Ra4 20. Bc2
Rc4 21. Bd3 Ra4 1/2-1/2

[Event "Gibraltar Masters 13th"]
[Site "Caleta"]
[Date "2015.01.31"]
[Round "5"]
[White "Vazquez Igarza, Renier"]
[Black "Wei, Yi"]
[Result "1/2-1/2"]
[WhiteElo "2592"]
[BlackElo "2675"]
[Annotator "CB"]
[PlyCount "109"]
[EventDate "2015.01.27"]
[EventType "swiss"]
[EventRounds "10"]
[EventCountry "GGB"]
[SourceTitle "CBM 165"]
[Source "ChessBase"]
[SourceDate "2015.03.11"]
[SourceVersion "1"]
[SourceVersionDate "2015.03.11"]
[SourceQuality "1"]

1. Nf3 Nf6 2. c4 g6 3. Nc3 d5 4. cxd5 Nxd5 5. Qb3 Nb6 6. d4 Bg7 7. Bf4 Be6 8.
Qa3 c5 9. Qxc5 Nc6 10. e4 Nxd4 11. Nxd4 Bxd4 12. Bb5+ Kf8 13. Qa3 a6 14. Be2
Qc8 15. Rc1 Qc5 16. Qxc5 Bxc5 17. O-O Rc8 18. Bh6+ Ke8 19. Rfd1 Bd6 20. Bg7 Rg8
21. Bd4 Bc5 22. f3 f6 23. Kf2 Kf7 24. Ke3 Rc6 25. Bxc5 Rxc5 26. Rd4 Rgc8 27.
Rb4 R5c6 28. Rd1 Bc4 29. Bxc4+ Nxc4+ 30. Ke2 b5 31. a4 Nxb2 32. Rxb2 Rxc3 33.
axb5 Rc2+ 34. Rd2 Rxb2 35. Rxb2 Rb8 36. b6 Rb7 37. Kd3 Ke6 38. Kd4 Kd6 39. e5+
fxe5+ 40. Ke4 Kc5 41. Rc2+ Kxb6 42. Kxe5 a5 43. Rb2+ Ka6 44. Ra2 Rb4 45. Ke6
Kb5 46. Kxe7 Rf4 47. Kd6 a4 48. Ke5 g5 49. h4 h6 $2 {This endgame is not as
trivial as it looks. Black wanted to keep the pawn on g5 for the blockade, but
he really had no choice but to take on h4.} (49... Rxh4 $1 50. Kf5 h6 51. g3
Rh1 52. f4 gxf4 53. gxf4 {And White is simply not in time to push his f-pawn
and capture the enemy h-pawn. For example:} Kb4 $1 54. Rb2+ Kc3 55. Rb6 (55.
Rb8 a3 56. Rc8+ Kb2 57. Rb8+ Ka1 58. Kg6 Rb1 59. Ra8 Rb6+ $19) 55... h5 $1 (
55... a3 56. Ra6 Kb2 57. Rb6+ Ka1 58. Ke4 {and now the rook is attacking h6, a
very important detail. There is no 58...Rb1.}) 56. Ra6 Kb4 57. Rb6+ Ka5 $1 58.
Rb8 a3 $19) 50. hxg5 hxg5 51. Ra1 Kb4 52. Rf1 $1 a3 53. g3 Rc4 54. f4 {With
the creation of this passed pawn White can feel safe. Worst case scenario he
sacrifices his rook for the a-pawn and pushes the f-pawn, forcing Black to
sacrifice his rook for the passer.} gxf4 55. gxf4 1/2-1/2

[Event "USA-ch U20"]
[Site "Saint Louis"]
[Date "2016.07.12"]
[Round "5"]
[White "Xiong, Jeffery"]
[Black "Troff, Kayden W"]
[Result "1-0"]
[WhiteElo "2641"]
[BlackElo "2543"]
[Annotator "CB"]
[PlyCount "61"]
[EventDate "2016.07.08"]
[EventType "tourn"]
[EventRounds "9"]
[EventCountry "USA"]
[EventCategory "9"]
[SourceTitle "CBM 173 Extra"]
[Source "ChessBase"]
[SourceDate "2016.08.29"]
[SourceVersion "1"]
[SourceVersionDate "2016.08.29"]
[SourceQuality "1"]
[WhiteClock "0:17:42"]
[BlackClock "0:00:27"]

1. Nf3 Nf6 2. c4 g6 3. Nc3 d5 4. cxd5 Nxd5 {This position looks just like the
normal Grunfeld, but White has not played d4 yet. This gives White several
other options, Jeffery decided to go for the main line of the Anti-Grunfeld} 5.
Qb3 (5. h4 $5 {Is another tricky variation.}) 5... Nb6 6. d4 Bg7 7. Bf4 Be6 (
7... Bxd4 {Is too greedy, after} 8. O-O-O $18 {Black is in big trouble}) 8. Qa3
c5 $5 {A pawn sacrifice that has recently become trendy. Troff played this
line in 2015 against Wesley so} 9. Qxc5 Nc6 10. e4 {Previously Troff faced:} (
10. e3 Rc8 11. Qa3 Nc4 12. Bxc4 Bxc4 13. d5 Qa5 14. Qxa5 Nxa5 15. Be5 Bxe5 16.
Nxe5 f6 17. Nf3 b5 18. b4 $16 {Was better for White in So,W (2788)-Troff,K 
(2532) Saint Louis USA 2015}) 10... Nd7 {A solid move that wins back the pawn
immediatly, but White keeps a slight initiative} (10... Rc8 11. Qa3 Nxd4 12.
O-O-O {Leads to huge complications}) 11. Qa3 Nxd4 12. Nxd4 Bxd4 13. Bb5 O-O 14.
O-O Qb6 (14... Be5 {Is possible but after} 15. Bxd7 Bxf4 16. Bxe6 fxe6 {
White has a slight edge due to Black's doubled e-pawn.}) 15. Bxd7 Bxd7 16. Nd5
Qxb2 17. Qxb2 Bxb2 18. Rab1 Ba3 19. Rxb7 Rfd8 {White is still a bit better,
but with the Queens off Black may be able to fall back on opposite-color
bishop endings in order to secure the draw.} 20. h4 {Creating an escape square
on h2 for the King, and introducing the idea of h5!? in order to destabilize
the position around Black's King.} a6 {This is too slow, instead} (20... Kg7 {
With the idea of Bc6 was better, after} 21. Rb3 Bd6 22. Bxd6 exd6 {White is
better, but Black should draw with accurate play.}) 21. Rfb1 f5 $2 {It's hard
to explain why Kayden played this move, which made Jeffrey's task easy. Instead
} (21... Bc6 22. Nxe7+ Bxe7 23. Rxe7 Re8 24. Rxe8+ Rxe8 25. f3 $16 {Is clearly
better for white, but far from winning.}) (21... Rac8 22. R1b3 Bc5 {I also
only slightly better for white.}) 22. R1b3 Bc5 23. Rc3 Bc6 (23... Rac8 24. Rc7
$3 {Might be what Troff missed, after} Bd4 (24... Bd6 25. Bxd6 exd6 26. Ne7+
$18) 25. Rxc8 Bxc8 26. Rxc8 Rxc8 27. Nxe7+ {White is up a piece}) 24. Nxe7+
Bxe7 25. Rxc6 Bxh4 {Black retains the material equality, but his King is too
exposed.} 26. g3 Rd1+ 27. Kg2 Bd8 28. Re6 Ba5 29. Be5 $1 {introducing the idea
of Rg7+} Rad8 30. Ree7 Bb4 31. Rxh7 {and mate on h8 is inevitable. A very
smooth win by Jeffery Xiong, who was happy to bounce back from a tough loss
against Alexandr Ostrovskiy yesterday.} 1-0

[Event "Yerevan"]
[Site "Yerevan"]
[Date "1976.04.07"]
[Round "15"]
[White "Gulko, Boris F"]
[Black "Vaganian, Rafael A"]
[Result "1-0"]
[WhiteElo "2530"]
[BlackElo "2550"]
[Annotator "ChessBase"]
[PlyCount "84"]
[EventDate "1976.03.19"]
[EventType "tourn"]
[EventRounds "15"]
[EventCountry "URS"]
[SourceTitle "EXT 1999"]
[Source "ChessBase"]
[SourceDate "1998.11.16"]
[SourceVersion "1"]
[SourceVersionDate "1998.11.16"]
[SourceQuality "1"]

1. Nf3 Nf6 2. c4 g6 3. Nc3 d5 4. Qa4+ Bd7 5. Qb3 dxc4 6. Qxc4 Bg7 7. d4 O-O 8.
e4 Na6 9. e5 Be6 10. exf6 Bxc4 11. fxg7 Bxf1 (11... Kxg7 12. Bxc4 Nb4 13. O-O (
13. Bb3 Nd3+ 14. Ke2 Nxc1+ 15. Raxc1 Qd6 $11) 13... Nc2 14. Rb1 Nxd4 $11) 12.
gxf8=Q+ Kxf8 13. Bh6+ Kg8 14. Rxf1 Nb4 15. O-O-O Qd7 16. a3 a5 17. Rfe1 f6 18.
h4 Kf7 19. Re2 Nc6 20. Re4 Re8 21. d5 Nd8 22. Nd4 c6 23. Ne6 Qc8 24. Nxd8+ Rxd8
25. Rde1 Rd7 26. Rc4 b5 27. Rxc6 Qb7 28. Rce6 b4 29. d6 Rxd6 30. Rxe7+ Qxe7 31.
Rxe7+ Kxe7 32. axb4 axb4 33. Ne2 b3 34. Be3 Rd3 35. Bd2 Rd7 36. Bc3 f5 37. Nd4
Rb7 38. Kd2 Kd6 39. Kd3 Kd5 40. Bd2 Rb8 41. Be3 Rb4 42. g3 f4 {Sealed move} 1-0

[Event "NED-chT 9900"]
[Site "Netherlands"]
[Date "2000.02.26"]
[Round "3"]
[White "Chuchelov, Vladimir"]
[Black "Van Kooten, Luuk"]
[Result "1-0"]
[WhiteElo "2518"]
[BlackElo "2325"]
[Annotator "Chuchelov,V"]
[PlyCount "79"]
[EventDate "2000.02.05"]
[EventType "team-tourn"]
[EventRounds "9"]
[EventCountry "NED"]
[SourceTitle "CBM 074 Extra"]
[Source "ChessBase"]
[SourceDate "2000.03.10"]
[SourceVersion "2"]
[SourceVersionDate "2000.03.10"]
[SourceQuality "1"]
[WhiteTeam "Bussum"]
[BlackTeam "Groningen"]
[WhiteTeamCountry "NED"]
[BlackTeamCountry "NED"]

1. Nf3 Nf6 2. c4 g6 3. Nc3 d5 4. cxd5 Nxd5 5. Qb3 Nb6 6. d4 Bg7 7. Bg5 h6 8.
Bh4 Be6 9. Qc2 Nc6 10. Rd1 Nb4 (10... O-O 11. d5 (11. e3 Bf5) 11... Nb4 12. Qc1
Bg4 13. a3 {CH.} Na6 14. e3 Nc5 15. Be2 $14) 11. Qb1 O-O 12. e3 (12. a3 $5 N4d5
13. Ne4 $5 (13. Nxd5 Qxd5 $5 14. Bxe7 $6 (14. e3 $11) 14... Rfe8 15. Bb4 Bg4
$17 {Skembris 2565 - Michalchichin 2520 1993 58/518} 16. Ne5 c5 17. Bxc5 Bxe5
18. Bxb6 Bf4) 13... Bf5 (13... f5 14. Nc5 Bc8 15. e3 g5 16. Bg3 f4 17. exf4
Nxf4 18. Bxf4 Rxf4 19. Be2 $14) 14. e3 c6 15. Bd3 Bxe4 16. Bxe4 f5 17. Bd3 g5
18. Bg3 f4 19. exf4 Nxf4 20. Bxf4 Rxf4 21. O-O $14) 12... Bf5 13. e4 Bg4 14.
Be2 $146 (14. d5 $5 {->D90} g5 $5 (14... f5 $2 15. a3 $1 fxe4 (15... Na6 16. h3
$1 Bh5 (16... Bxf3 17. gxf3 g5 18. Bg3 f4 19. Bh2 $14) 17. exf5) 16. Qxe4 Bxf3
17. gxf3 g5 18. axb4 gxh4 19. Rg1 $1 $16 Qd6 20. Bd3 $1 Rf7 21. Rg6 Rf6 (21...
Qf4 22. Rxg7+ $1 Kxg7 23. Qh7+ Kf6 24. Qg6+ Ke5 25. Qe6+ $18) 22. Rg4 $1 Rf7
23. Ke2 $16 h5 24. Rg5 Qh6 25. Rg6 Qh8 26. Rdg1 Rd8 27. Qxh4 $18 {1-0 Sadler,
M-Gurevich,I/Hastings 1992/CBM 33/[Ribli] (30)}) (14... Bxf3 15. gxf3 a5 16.
Rg1 Qd7 17. a3 Na6 18. Qc2 $14 c6 $140 $2 19. Qb3 Nc8 20. Rxg6) 15. Bg3 f5 16.
a3 (16. h4 $5 {CH.} Bxf3 17. gxf3 f4 18. Bh2 $16) 16... f4 $1 17. axb4 fxg3 18.
hxg3 Rxf3 $1 19. gxf3 Bxf3 20. Rh2 Bxd1 21. Qxd1 a5 $13 {Tisdall-Jansa Arhus
1983 35/570} (21... Qd6 22. Bh3 Kh8 23. Be6 Rf8 24. Qh5 Qe5 25. Qg6 Qf6 26.
Qxf6 Rxf6 $132 {0-1 Salo,H-Manninen,M/Helsinki 1992/EXT 2000 (61)})) 14... Bxf3
(14... f5 15. a3 fxe4 16. Qxe4 Bf5 17. Qxe7) 15. Bxf3 Nc6 $1 (15... Bxd4 16.
Nd5 $1 Nc6 17. Rxd4 Nxd4 18. Nxe7+ Kh7 19. Nxg6 Nxf3+ 20. gxf3 Qd6 21. Nxf8+
Rxf8 22. O-O $16) 16. d5 Nd4 17. Qd3 (17. Be2 f5 18. exf5 Nxe2 19. Nxe2 Rxf5
20. O-O $13) 17... Qd7 (17... Qd6 $5) (17... f5 $5 18. exf5 Nxf3+ 19. Qxf3 Rxf5
20. Qg4 Re5+ 21. Kf1 Kh7 22. Bg3 Rf5 23. Ke2 $1 Qd7 24. Qe4 Rd8 25. Rhe1 Bxc3
26. bxc3 Rxd5 27. Rxd5 Nxd5 28. Kf1 $44) 18. O-O Rac8 $6 (18... f5 $5 19. exf5
Nxf3+ 20. Qxf3 Qxf5 21. Qe2 $13) (18... e6 $6 19. Bg4) (18... c6 19. dxc6 Qxc6
20. Bxe7 Rfe8 21. Nd5 $1 $16 (21. Bh4 Nc4)) 19. Rfe1 g5 20. Bg3 c6 21. h4 $5 (
21. dxc6 Qxc6 22. Bg4 e6 $13) 21... g4 $6 (21... cxd5 $1 22. hxg5 hxg5 23. Nxd5
Nxd5 24. exd5 g4 25. Be2 Qxd5 26. Bf1 f5 27. Rxe7 Bf6 28. Ree1 Qxa2 $13) 22.
dxc6 Rxc6 23. Be2 Nc4 24. e5 $16 Nxe2+ (24... Nxb2 25. Qxd4 Qxd4 26. Rxd4 Rxc3
27. Rd7 $16) 25. Qxe2 Qe6 26. Nb5 Rc5 27. Nd4 Qc8 28. b4 $1 Rxe5 29. Bxe5 Nxe5
30. Qe4 (30. Rc1 $1 Qd7 31. Red1 $16) 30... e6 31. Nb5 a6 (31... f5 32. Qf4 a6
33. Nd4 $16) 32. Nd6 Qc3 33. Re3 Qc6 (33... Qb2 34. Re2 Qa3 35. Nxb7 $16 g3
$140 36. fxg3 Qxg3 37. Re3) 34. Nxb7 Qa4 35. Rd2 $18 f5 36. Qf4 Qb5 37. Nd6 Qc6
38. Re1 $138 Ng6 (38... Qc3 39. Red1 Rb8 $132) 39. Qe3 (39. Qc4 Qxc4 40. Nxc4
Bc3 41. Rxe6 Bxd2 42. Nxd2 $16) 39... e5 40. Qb3+ $138 1-0

[Event "Cappelle op 15th"]
[Site "Cappelle la Grande"]
[Date "1999.02.16"]
[Round "4"]
[White "Chuchelov, Vladimir"]
[Black "Mohandesi, Shahin"]
[Result "1-0"]
[WhiteElo "2535"]
[BlackElo "2315"]
[Annotator "Chuchelov,V"]
[PlyCount "65"]
[EventDate "1999.02.13"]
[EventType "swiss"]
[EventRounds "9"]
[EventCountry "FRA"]
[SourceTitle "CBM 070"]
[Source "ChessBase"]
[SourceDate "1999.06.08"]
[SourceVersion "1"]
[SourceVersionDate "1999.06.08"]
[SourceQuality "1"]

1. Nf3 Nf6 2. c4 g6 3. Nc3 d5 4. cxd5 Nxd5 5. Qb3 Nb6 6. d4 Bg7 7. Bg5 a5 8.
Rd1 a4 9. Qc2 O-O 10. e3 Nc6 (10... a3 11. bxa3 Nc6 12. Nb5) 11. a3 Bf5 12. Bd3
Bxd3 (12... Be6 13. Qe2 Bb3 14. Rc1) 13. Rxd3 Qd7 14. O-O Na5 15. Ne4 Rfc8 16.
Nc5 Qc6 17. e4 (17. Bxe7 f6) 17... Nd7 18. Rc3 Nxc5 19. Rxc5 Qd7 20. Ne5 Bxe5 (
20... Qe6 21. Be3 c6 22. f4) 21. dxe5 Nc6 22. Rd1 Qg4 23. Rxc6 (23. Be3 Rd8 24.
Rcd5 Rxd5 25. Rxd5) 23... bxc6 (23... Qxg5 24. Rxc7 Rd8 25. e6 fxe6 26. Rdd7)
24. Bxe7 Rab8 25. Bf6 h6 (25... Rxb2 26. Qd3 Re8 (26... Qxd1+ 27. Qxd1 Rcb8 28.
Bg5 Rb1 29. Bc1)) 26. h3 Rxb2 27. Qc1 (27. Qd3 Qf4) 27... Qe2 28. Rf1 Kh7 29.
e6 Rc2 30. Qf4 fxe6 (30... Rb8 31. Bc3 Rxc3 32. Qxf7+ Kh8 33. Qf6+ Kh7 34. Qxc3
Qxe4 35. Qf6) (30... Qd2) 31. Be5 h5 32. Qf7+ Kh6 33. Bg7+ 1-0